• 首页
  • 本馆介绍
  • 公告通知
  • 最新文献
  • 馆藏检索
  • 电子资源
  • 读者导购
  • 参考咨询
  • 我的图书馆
  • 登录
  • 详细信息显示
  • 放入我的书架
  • 预约/预借图书
  • 作者相关作品
  • 分类相关作品
  • 丛书相关作品
  • 出版社相关作品

书目信息

  • 表格格式
  • 工作单格式
  • 卡片格式
题名:
肥猫艺术课
    
 
作者: 彼得罗娃 著 ;袁天添 译
分册:  
出版信息: 北京   北京联合出版公司  2016
页数: 304页
开本: 18cm
丛书名:
单 册:
中图分类: J209.1
科图分类:
主题词: 绘画史--hui hua shi--世界--通俗读物
电子资源:
ISBN: 978-7-5502-8247-6
000 01073nam0 22002651 450
001 0102093614
005 20170402093614.0
010    @a978-7-5502-8247-6@dCNY59.80
100    @a20160912d2016 em y0chiy50 ea
101 1  @achi@crus
102    @aCN@b110000
105    @aa z 000yy
106    @ar
200 1  @a肥猫艺术课@Afei mao yi shu ke@dFat cat art@e有猫的名画才是真迹,你们人类不懂艺术!@f(俄罗斯)斯韦特拉娜·彼得罗娃著@g袁天添译@zeng
210    @a北京@c北京联合出版公司@d2016
215    @a304页@c彩图@d18cm
330    @a本书是一本趣味讲解艺术史的知识性读物。全书共15个内容,包括古代世界与中世纪艺术;意大利文艺复兴;北欧文艺复兴与十六世纪艺术等。
510 1  @aFat cat art@zeng
517 1  @a有猫的名画才是真迹,你们人类不懂艺术!@Ayou mao de ming hua cai shi zhen ji ni men ren lei bu dong yi shu
606 0  @a绘画史@Ahui hua shi@y世界@j通俗读物
690    @aJ209.1@v5
701  0 @c(俄罗斯)@a彼得罗娃@Abi de luo wa@c(Petrova, Svetlana)@4著
702  0 @a袁天添@Ayuan tian tian@4译
801  0 @aCN@bTANGWEI@c20170308
905    @b0964122-5@dJ209.1@e761@f4
    
    肥猫艺术课=Fat cat art:有猫的名画才是真迹,你们人类不懂艺术!/(俄罗斯)斯韦特拉娜·彼得罗娃著/袁天添译.-北京:北京联合出版公司,2016
    304页:彩图;18cm
    
    
    ISBN 978-7-5502-8247-6:CNY59.80
    本书是一本趣味讲解艺术史的知识性读物。全书共15个内容,包括古代世界与中世纪艺术;意大利文艺复兴;北欧文艺复兴与十六世纪艺术等。
●
相关链接 在E读中查询图书 在五车中查询图书 在当当中查询图书 在豆瓣中查询图书


正题名:肥猫艺术课     索取号:J209.1/761         预约/预借

序号 登录号 条形码 馆藏地/架位号 状态 备注
1 0964122   209641226   第一样本阅览室/ [索取号:J209.1/761] 在馆    
2 0964123   209641235   第一借阅区/ [索取号:J209.1/761] 在馆    
3 0964124   209641244   第一借阅区/ [索取号:J209.1/761] 在馆    
4 0964125   209641253   第一借阅区/ [索取号:J209.1/761] 在馆    
唐山师范学院图书馆 欢迎您!
大连网信软件有限公司© 版权所有